000 00548nam a2200217Ia 4500
005 20250923150218.0
008 008 250917s9999 xx 000 0 eng d
037 _aTextual
040 _aDSWL
_beng
_cDSWL
041 _aeng
_2eng
084 _qDSWL
100 _aBratton, J
_9843450
245 0 _aHuman Resource Management
_cby J Bratton
260 _aNew York
_b Palgrave
_c2003
300 _a540 p.
365 _aPound
_b10.99
650 _a J Gold
_9843451
925 _g10.99
942 _cTEXL
999 _c1460859
_d1460859